Southville International School and Colleges
Your cart is empty.
  • Cart
  • Lists
    Public lists Eva Luna New books Lux_list list_1
    Your lists Log in to create your own lists
  • Log in to your account
  • Your cookies
  • Search history
Southville International School and Colleges
  • Advanced search
  • Recent comments
  • Most popular
  • Libraries

Log in to your account

Log in with GOOGLE


If you do not have an external account, but do have a local account, you can still log in:

  1. Home
  2. MARC view: Ross and Wilson anatomy & physiology in health and illness /
Normal view MARC view ISBD view

Ross and Wilson anatomy & physiology in health and illness / (Record no. 288377)

[ view plain ]
MARC details
000 -LEADER
fixed length control field 02212cam a2200397 i 4500
001 - CONTROL NUMBER
control field 18029246
003 - CONTROL NUMBER IDENTIFIER
control field PILC
005 - DATE AND TIME OF LATEST TRANSACTION
control field 20150810111931.0
008 - FIXED-LENGTH DATA ELEMENTS--GENERAL INFORMATION
fixed length control field 140131t20142014stka b 001 0 eng
010 ## - LIBRARY OF CONGRESS CONTROL NUMBER
LC control number 2014004368
020 ## - INTERNATIONAL STANDARD BOOK NUMBER
International Standard Book Number 9780702053252 (pbk.)
020 ## - INTERNATIONAL STANDARD BOOK NUMBER
International Standard Book Number 0702053252 (pbk.)
020 ## - INTERNATIONAL STANDARD BOOK NUMBER
International Standard Book Number 9780702053269 (International ISBN)
020 ## - INTERNATIONAL STANDARD BOOK NUMBER
International Standard Book Number 0702053260 (International ISBN)
020 ## - INTERNATIONAL STANDARD BOOK NUMBER
Cancelled/invalid ISBN 9780702053214 (e-ISBN)
035 ## - SYSTEM CONTROL NUMBER
System control number (DNLM)101624917
040 ## - CATALOGING SOURCE
Original cataloging agency DNLM/DLC
Transcribing agency DLC
Description conventions rda
Modifying agency DLC
042 ## - AUTHENTICATION CODE
Authentication code pcc
050 00 - LIBRARY OF CONGRESS CALL NUMBER
Classification number RT 69
Item number .W384 2014
060 10 - NATIONAL LIBRARY OF MEDICINE CALL NUMBER
Classification number QS 4
082 00 - DEWEY DECIMAL CLASSIFICATION NUMBER
Classification number 612
100 1# - MAIN ENTRY--PERSONAL NAME
Personal name Waugh, Anne,
Relator term author.
245 10 - TITLE STATEMENT
Title Ross and Wilson anatomy & physiology in health and illness /
Statement of responsibility, etc Anne Waugh, BSc(Hons), MSc, CertEd, SRN, RNT, FHEA, Senior Teaching Fellow and Director of Academic Quality, School of Nursing, Midwifery and Social Care, Edinburgh, Napier University, Edinburgh, UK, Allison Grant, Lecturer, Division of Biological and Biomedical Sciences, Glasgow Caledonian University, Glasgow, UK ; illustrations by Graeme Chambers.
246 1# - VARYING FORM OF TITLE
Title proper/short title Anatomy and physiology in health and illness
250 ## - EDITION STATEMENT
Edition statement 12th edition.
260 ## - PUBLICATION, DISTRIBUTION, ETC. (IMPRINT)
Place of publication, distribution, etc Edinburgh :
Name of publisher, distributor, etc Churchill Livingstone,
Date of publication, distribution, etc 2014.
300 ## - PHYSICAL DESCRIPTION
Extent xii, 509 pages :
Other physical details color illustrations ;
Dimensions 28 cm.
500 ## - GENERAL NOTE
General note Includes bibliographical references (page 481) and index.
505 0# - FORMATTED CONTENTS NOTE
Formatted contents note Introduction to the human body -- Introduction to the chemistry of life -- The cells, tissues and organisation of the body -- The blood -- The cardiovascular system -- The lymphatic system -- The nervous system -- The special senses -- The endocrine system -- The respiratory system -- Introduction to nutrition -- The digestive system -- The urinary system -- The skin -- Resistance and immunity -- The musculoskeletal system -- Introduction to genetics -- The reproductive systems.
650 12 - SUBJECT ADDED ENTRY--TOPICAL TERM
Topical term or geographic name as entry element Anatomy
Form subdivision Nurses' Instruction.
650 12 - SUBJECT ADDED ENTRY--TOPICAL TERM
Topical term or geographic name as entry element Physiology
Form subdivision Nurses' Instruction.
700 1# - ADDED ENTRY--PERSONAL NAME
Personal name Grant, Allison
Fuller form of name (Allison Wynn),
Dates associated with a name 1961-
Relator term author.
906 ## - LOCAL DATA ELEMENT F, LDF (RLIN)
a 7
b cbc
c orignew
d 1
e ecip
f 20
g y-gencatlg
942 ## - ADDED ENTRY ELEMENTS (KOHA)
Source of classification or shelving scheme Library of Congress Classification
Koha item type Books
Call number prefix Foreign
Holdings
Withdrawn status Lost status Source of classification or shelving scheme Damaged status Home library Current library Shelving location Date acquired Source of acquisition Sub Shelving location Total Checkouts Full call number Barcode Checked out Date last seen Date checked out Price effective from Koha item type
    Library of Congress Classification   College Library College Library Reserve Section 08/10/2015 Library Fund   1 RT 69 .W384 2014 C19698 01/19/2024 01/12/2024 01/12/2024 08/10/2015 Books

Ross and Wilson anatomy & physiology in health and illness /

APA

Waugh A., Grant A., . (2014). Ross and Wilson anatomy & physiology in health and illness. Edinburgh: Churchill Livingstone.

Chicago

Waugh Anne, Grant Allison, . 2014. Ross and Wilson anatomy & physiology in health and illness. Edinburgh: Churchill Livingstone.

Harvard

Waugh A., Grant A., . (2014). Ross and Wilson anatomy & physiology in health and illness. Edinburgh: Churchill Livingstone.

MLA

Waugh Anne, Grant Allison, . Ross and Wilson anatomy & physiology in health and illness. Edinburgh: Churchill Livingstone. 2014.

  • Place hold
  • Print
  • Cite
  • Add to your cart (remove)
  • Save record
    BIBTEX Dublin Core MARCXML MARC (non-Unicode/MARC-8) MARC (Unicode/UTF-8) MARC (Unicode/UTF-8, Standard) MODS (XML) RIS
  • More searches
    Search for this title in:
    Other Libraries (WorldCat) Other Databases (Google Scholar) Online Stores (Bookfinder.com) Open Library (openlibrary.org)

Exporting to Dublin Core...

SOUTHVILLE LIBRARY

Southville International School and Colleges Library

1281 Tropical Ave. Cor. Luxembourg St., BF Homes International, Las Pinas City

Tel. No. 8256374 / 252358 Loc. 117/146

Powered by Koha